000 00438nam a2200169Ia 4500
003 LDD
008 190117s9999 xx 000 0 und d
020 _c₹30
040 _cLDD
041 _ahi
082 _a8H3.7 य 6925 दि-14
100 _aयशपाल
245 0 _aदिव्या
_cयशपाल
260 _aइलाहाबाद
_bलोकभारती
_c1986
300 _a207प्र.
942 _2ddc
_cH
999 _c167582
_d167582